|
|
|
|
| LEADER |
01593cam a2200277 i 4500 |
| 001 |
12357806 |
| 003 |
GR-PaULI |
| 005 |
20220315102029.0 |
| 008 |
010326t2003 maua g 001 | eng d |
| 952 |
|
|
|0 0
|1 0
|2 ddc
|4 0
|6 621_382000000000000_1_PER
|7 0
|9 211824
|a LISA
|b LISA
|c BSC
|d 2017-04-28
|i 13002
|l 0
|o 621.382 1 PER
|p 026000302064
|r 2017-04-28 00:00:00
|t 1
|w 2017-04-28
|y BK15
|
| 952 |
|
|
|0 0
|1 0
|2 ddc
|4 0
|6 621_382100000000000_PER
|7 0
|9 251060
|a LISK-2
|b LISK-2
|c BSC
|d 2021-01-17
|e 24
|f 0
|g 0.00
|l 0
|o 621.3821 PER
|p 99243000008440
|r 2021-01-17 00:00:00
|t 2
|v 2021.00
|w 2021-01-17
|y BK15
|x GrPaTEI - Antirrio
|
| 952 |
|
|
|0 0
|1 0
|2 ddc
|4 0
|6 621_382100000000000_PER
|7 0
|9 251061
|a LISK-2
|b LISK-2
|c BSC
|d 2021-01-17
|e 24
|f 0
|g 0.00
|l 0
|o 621.3821 PER
|p 99243000008441
|r 2021-01-17 00:00:00
|t 3
|v 2021.00
|w 2021-01-17
|y BK15
|x GrPaTEI - Antirrio
|
| 999 |
|
|
|c 128857
|d 128857
|
| 020 |
|
|
|a 0672322498
|
| 040 |
|
|
|a GR-PaULI
|b gre
|c GR-PaULI
|d GR-AiPI
|e AACR2
|
| 082 |
0 |
4 |
|a 621.382 1
|2 23
|
| 100 |
1 |
|
|a Perkins, Colin
|9 161554
|e συγγραφέας.
|
| 245 |
1 |
0 |
|a RTP :
|b audio and video for the Internet /
|c Colin Perkins.
|
| 260 |
|
|
|a Boston :
|b Addison-Wesley,
|c c2003.
|
| 300 |
|
|
|a xvii, 414 σ. :
|b εικ. ;
|c 24 εκ.
|
| 504 |
|
|
|a Περιλαμβάνει βιβλιογραφικές παραπομπές (σ. 385-396) και ευρετήριο.
|
| 650 |
|
4 |
|a Ηλεκτρονικοί υπολογιστές
|x Δίκτυα
|x Πρωτόκολλα
|9 88564
|
| 650 |
|
4 |
|a Δεδομένα
|x Συστήματα μετάδοσης.
|9 61354
|
| 650 |
|
4 |
|a Συστήματα πολυμέσων
|9 2020
|
| 942 |
|
|
|2 ddc
|c BK15
|
| 998 |
|
|
|c ΜΙΧΟΣΤΑΥΡΟΥ
|d 2017-04
|